FNAF SL ANIMATRONICS - Statistiques

Statistiques générales
  • Ce quiz a été pris 55 fois
  • Le résultat moyen est 8 sur 10
Statistiques - réponses
Par images Réponse % Correct
Ballora
98%
Funtime Freddy
98%
Funtime Foxy
93%
Ennard
85%
Baby
78%
Bon Bon
76%
Lolbit
72%
Bonnet
57%
Minireena
52%
Bidybab
41%
Aucun quiz correspondant
Distribution des résultats
% des personnes avec chaque résultat
Percentile par nombre de réponses
Votre historique - résultats
Vous n’avez pas pris ce quiz